000 00511nam a2200181Ia 4500
005 20250326143636.0
008 250326s9999 xx 000 0 und d
037 _aTextbook
040 _aFMSL
_beng
_cFMSL
041 _aeng
_2eng
084 _aX:958512 P1
_qFMSL
100 _aWitzel M
_9748310
245 0 _aCollected articles and chapter
_cWitzel M
260 _aUnited Kingdom
_bUnited Kingdom, Thoemmes
_c2001
300 _a245p
942 _cTB
_hX:958512 P1
999 _c1300402
_d1300402